000 00798nas a2200277 4500
001 BR2011001732
003 BR-BrBNA
005 20231205114532.0
007 ta
008 230509b bl.|||p| |||| 00| 00por d
040 _aBR-BrBNA
_bpor
_cBiblioteca Nacional de Agricultura
041 _a(Pt)
072 _aF02
100 1 _aCarvalho, M.A. de F.
100 1 _aPaiva, R.
100 1 _aVargas, D.P.
100 1 _aSilva, L.C.
100 1 _aNogueira, R.C.
245 1 _aCurva de crescimento de calos de maracujazeiro nativo
650 _aMARACUJÁ
650 _aCALOGENIO
650 _aCULTURA DE TECIDO
773 0 _tRevista de Agricultura (Brazil)
_xISSN 0034-7655
_g(Dec 2010), v. 85(3) p. 201-206
_wBR2011001732
909 _a202311
_bLúcia
_c55
_dLúcia Elande
942 _2AGRIS
_n0
_cANA
999 _c209216
_d209216